Metaphysik in Ansatz (Record no. 174365)

MARC details
000 -LEADER
campo de control de longitud fija 00862nam a2200265 4500
001 - NÚMERO DE CONTROL
campo de control 174365
003 - IDENTIFICADOR DE NÚMERO DE CONTROL
campo de control ES-MaACL
005 - FECHA Y HORA DE LA ÚLTIMA TRANSACCIÓN
campo de control 20250804012830.0
008 - DATOS DE LONGITUD FIJA--INFORMACIÓN GENERAL
campo de control de longitud fija 100408s1996 sp |||| |dger d
017 ## - NÚMERO DE COPYRIGHT O DE DEPÓSITO LEGAL
Número de copyright o de depósito legal S 468-1996
020 ## - NÚMERO INTERNACIONAL ESTÁNDAR DEL LIBRO
Número Internacional Estándar del Libro 84-87169-89-9
080 ## - NÚMERO DE LA CLASIFICACIÓN DECIMAL UNIVERSAL
Número de la Clasificación Decimal Universal 1 Lotz, Johannes B.
080 ## - NÚMERO DE LA CLASIFICACIÓN DECIMAL UNIVERSAL
Número de la Clasificación Decimal Universal 111
100 1# - ENTRADA PRINCIPAL--NOMBRE DE PERSONA
Nombre de persona Bautista Lucas, Erasmo N.
9 (RLIN) 142471
245 10 - MENCIÓN DEL TÍTULO
Título Metaphysik in Ansatz
Resto del título : Seinsverständnis aus dem menschlichen Gesamtvollzug bei Joh. Bapt. Lotz /
Mención de responsabilidad, etc. Erasmo N. Bautista Lucas ; [prólogo de Emerich Coreth].
260 ## - PUBLICACIÓN, DISTRIBUCIÓN, ETC.
Lugar de publicación, distribución, etc. Móstoles (Madrid) :
Nombre del editor, distribuidor, etc. Nossa y Jara,
Fecha de publicación, distribución, etc. 1996.
300 ## - DESCRIPCIÓN FÍSICA
Extensión 355 p. ;
Dimensiones 21 cm.
500 ## - NOTA GENERAL
Nota general En el lomo: 9.
600 17 - PUNTO DE ACCESO ADICIONAL DE MATERIA--NOMBRE DE PERSONA
Nombre de persona Lotz, Johannes B.
9 (RLIN) 74305
650 #7 - PUNTO DE ACCESO ADICIONAL DE MATERIA--TÉRMINO DE MATERIA
Término de materia o nombre geográfico como elemento de entrada Metafísica
Fuente del encabezamiento o término embne
9 (RLIN) 15012
650 ## - PUNTO DE ACCESO ADICIONAL DE MATERIA--TÉRMINO DE MATERIA
Término de materia o nombre geográfico como elemento de entrada Ontología.
9 (RLIN) 15705
700 1# - ENTRADA AGREGADA--NOMBRE PERSONAL
Nombre de persona Coreth, Emerich.
9 (RLIN) 40586
852 4# - LOCALIZACIÓN
Ubicación BA
Número de control de estantería C-57103
Holdings
Estatus retirado Estado de pérdida Estado de daño No para préstamo Biblioteca de origen Biblioteca actual Ubicación en estantería Fecha de adquisición Fuente de adquisición Total de préstamos Signatura topográfica completa Código de barras Visto por última vez Precio de reemplazo Tipo de ítem Koha
        Biblioteca del Ateneo de Madrid Biblioteca del Ateneo de Madrid Depósito 2 08/04/2010     C-57103 1183021 23/02/2023 23/02/2023 Libro impreso